दलित महिलाओ के आन्दोलन का इतिहास / (Record no. 200334)

MARC details
000 -LEADER
fixed length control field 00817nam a22001697a 4500
005 - DATE AND TIME OF LATEST TRANSACTION
control field 20240124101817.0
010 ## - LCCN (DPL NO)
LC control number HIN
020 ## - INTERNATIONAL STANDARD BOOK NUMBER
Terms of availability 600.00
International Standard Book Number 9789392325182
037 ## - SOURCE OF ACQUISITION
Source of stock number/acquisition अनुराग प्रकाशन
082 ## - DEWEY DECIMAL CLASSIFICATION NUMBER
Classification number 305.4
100 ## - MAIN ENTRY--PERSONAL NAME
Personal name वालिनैमिशराय, मोहनदास
245 ## - TITLE STATEMENT
Title दलित महिलाओ के आन्दोलन का इतिहास /
Statement of responsibility, etc मोहनदास नैमिशराय
260 ## - PUBLICATION, DISTRIBUTION, ETC. (IMPRINT)
Place of publication, distribution, etc नई दिल्ली
Name of publisher, distributor, etc अनुराग प्रकाशन
Date of publication, distribution, etc 2023
270 ## - ADDRESS
Address 4760-61, द्वितीय तल 23, अंसारी रोड
City पिलानी
Postal code 333031
300 ## - PHYSICAL DESCRIPTION
Extent 192पृष्ट.;
Dimensions 22सेमी (सजिल्द)
942 ## - ADDED ENTRY ELEMENTS (KOHA)
Source of classification or shelving scheme Dewey Decimal Classification
Item type Hindi Books
Classification part 305.4
Call number suffix नैमिश

No items available.


© Delhi Public Library
Hit Counter
free hit counter